000
00318nam a22001457a 4500
008
210426b ||||| |||| 00| 0 eng d
020
_a
x000y80397
041
_a
eng
080
_a
53
082
_a
53
100
_a
43
101
_a
FIZ
245
_a
Essential University Physics
_c
Richard Wolfson
942
_2
udc
_c
BK
999
_c
56726
_d
56726